La ciudad de las cúpulas (Record no. 59756)
[ view plain ]
| 000 -LEADER | |
|---|---|
| campo de control de longitud fija | 00692nam a2200229 i 4500 |
| 001 - NÚMERO DE CONTROL | |
| campo de control | 59756 |
| 003 - IDENTIFICADOR DE NÚMERO DE CONTROL | |
| campo de control | ES-MaACL |
| 005 - FECHA Y HORA DE LA ÚLTIMA TRANSACCIÓN | |
| campo de control | 20230906164108.0 |
| 007 - CAMPO FIJO DE DESCRIPCIÓN FÍSICA--INFORMACIÓN GENERAL | |
| campo de control de longitud fija | t| |
| 008 - DATOS DE LONGITUD FIJA--INFORMACIÓN GENERAL | |
| campo de control de longitud fija | 031030s1981 sp ||||1| spa d |
| 100 1# - ENTRADA PRINCIPAL--NOMBRE DE PERSONA | |
| Nombre de persona | Enrique, Antonio. |
| 9 (RLIN) | 47265 |
| 245 13 - MENCIÓN DEL TÍTULO | |
| Título | La ciudad de las cúpulas |
| Resto del título | : (la nostalgia en Úbeda) / |
| Mención de responsabilidad, etc. | Antonio Enrique. |
| 250 ## - MENCION DE EDICION | |
| Mención de edición | 1ª ed. |
| 260 ## - PUBLICACIÓN, DISTRIBUCIÓN, ETC. | |
| Lugar de publicación, distribución, etc. | Melilla : |
| Nombre del editor, distribuidor, etc. | Ayuntamiento de Melilla, |
| Fecha de publicación, distribución, etc. | 1981. |
| 300 ## - DESCRIPCIÓN FÍSICA | |
| Extensión | 50 p. , [4] h. ; |
| Dimensiones | 21 cm. |
| 490 1# - MENCIÓN DE SERIE | |
| Mención de serie | Rusadir ; |
| Designación de volumen o secuencia | 5 |
| 710 1# - ENTRADA AGREGADA--NOMBRE DE ENTIDAD CORPORATIVA | |
| Nombre de entidad corporativa o nombre de jurisdicción como elemento de entrada | Melilla. |
| Unidad subordinada | Ayuntamiento. |
| 9 (RLIN) | 5680 |
| 830 0# - PUNTO DE ACCESO ADICIONAL DE SERIE-TÍTULO UNIFORME | |
| Título uniforme | Rusadir ; |
| Designación de volumen o secuencia | 5 |
| 9 (RLIN) | 180773 |
| 852 ## - LOCALIZACIÓN | |
| Ubicación | ES-MaACL |
| Número de control de estantería | 2123-F-17 |
| Sublocalización o colección | R.104696 |
| 852 ## - LOCALIZACIÓN | |
| Ubicación | ES-MaACL |
| Número de control de estantería | E-15324 |
| Encuadernación | Olim P-1802 |
| Estatus retirado | Estado de pérdida | Estado de daño | No para préstamo | Biblioteca de origen | Biblioteca actual | Ubicación en estantería | Fecha de adquisición | Fuente de adquisición | Total de préstamos | Signatura topográfica completa | Código de barras | Visto por última vez | Precio de reemplazo | Tipo de ítem Koha | Colección |
|---|---|---|---|---|---|---|---|---|---|---|---|---|---|---|---|
| Biblioteca del Ateneo de Madrid | Biblioteca del Ateneo de Madrid | Depósito 2 | 07/06/2011 | E-15324 | 1187556 | 23/02/2023 | 23/02/2023 | Libro impreso | |||||||
| Biblioteca del Ateneo de Madrid | Biblioteca del Ateneo de Madrid | Depósito folletos | 17/01/2008 | 2123-F-17 | 1062674 | 23/02/2023 | 23/02/2023 | Folleto | Colección de folletos |
